[Event "Campeonato Mundial Feminino"]
[Site "Elista RUS"]
[Date "2004.05.26"]
[Round "3.1"]
[White "Kovalevskaya, Ekaterina"]
[Black "Lahno, Katerina"]
[Result "1-0"]
[WhiteElo "2467"]
[BlackElo "2493"]
[Annotator "GM Mikhail Golubev"]
[PlyCount "63"]
[EventDate "2004.05.22"]
[Source "Chess Today"]
[SourceDate "2004.05.30"]

1. e4 e6 2. d4 d5 3. Nd2 c5 4. Ngf3 cxd4 5. exd5 Qxd5 6. Bc4 Qd6 7. O-O Nf6
8. Nb3 Nc6 9. Nbxd4 Nxd4 10. Nxd4 a6
{Uma popular ideia na Defesa
Francesa e que ja ocorreu milhares de vezes na pratica.}
11. Bb3 {
Um lance tipico.} ({No passado, a mais popular continuacao era} 
11. Re1 {
com a possivel aguda linha:} 11... Qc7 12. Bb3 Bd6 13. Nf5 Bxh2+
14. Kh1 O-O 15. Nxg7 Rd8 16. Qf3 Kxg7 17. Bh6+ Kg6) 11... Qc7 (
{
Menos frequeente e a opcao preta pelo lance} 11... Bd7 {seguido de ...0-0-0})
12. Qf3 Bd6 13. Kh1 $5 (
{Esta jogada, introduzida por Ivanchuk em 1991, tem
atraido muita atencao nos ultimos anos. O caminho padrao de defesa contra
Bxh2+,} 
13. h3
{
foi tentado pelas brancas com maior frequeencia, no entanto, depois de}
13... O-O 14. Bg5 Nd7 {geralmente as pretas obtem razoaveis chances.}) 13... h6
$146 {Uma novidade. As pretas previnem Bg5.} ({Depois de} 13... O-O 14. Bg5 Nd7
15. c3
{as pretas enfrentaram problemas em diversas partidas, porque
(comparando com a linha 13.h3) as brancas possuem maiores chances de
desenvolver pressao na ala do rei}) (
{foi jogado} 13... Bd7 14. Bg5 Be5 15. Rad1 h6 16. Bh4 O-O 17. Rfe1
{- com pequena vantagem para as brancas - na
partida Adams-Bareev, Wijk aan Zee 2004}) (
{
na ultima partida de Bareev nesta linha, ele jogou} 13... Be5 $5 14. Be3 Bd7
{, Lastin-Bareev, Russian Chess League 2004.}) 14. Re1 Kf8
{
Inumeras partidas de Anatoly Karpov na Defesa Caro-Kann, nas quais aparece a
mesma estrutura de peoes desta partida, mostraram que o Rei preto pode estar
mais seguro no centro do que na ala.} (
{
Aqui, Rf8 era a unica continuacao consideravel, pois} 14... O-O $2
{
e refutado por} 15. Bxh6 e5 16. Nf5 e4 17. Qh3 gxh6 18. Qxh6 Bxf5 19. Qg5+
$1) ({e} 14... Bd7 15. Nf5 $1 {tambem favorece as brancas.}) 15. Bd2 (
{
Este era o unico caminho para continuar o desenvolvimento, ja que} 15. Be3
$2 {
perde para} 15... e5 $17) 15... e5
{
Novamente, a unica continuacao que mantem a logica da estrategia preta.}
16. Nf5
{Uma decisao correta. Pelo menos do ponto de vista pratico. As brancas
estao prontas para sacrificar uma qualidade.} (
{O lance} 16. Qg3 $2 {
com a ideia de} 16... exd4 $2 17. Bb4 $1 $18
{nao passa de um truque barato.
As pretas teriam possibilidade de jogar 16... h5!? e outras promissoras
respostas}) (
{uma alternativa real era o modesto} 16. Ne2 $5
{e as brancas,
provavelmente, devem ser capazes de lutar por vantagem em futuras complicacoes.
})
16... e4 17. Rxe4 Bxf5 ({Ganhando um tempo em comparacao com} 17... Nxe4 $6
18. Qxe4 Bxf5 19. Qxf5) 18. Qxf5 Nxe4 19. Qxe4 Re8
{As brancas possuem
um Peao pela qualidade. O mais importante fator estrategico e a ma posicao do
Rei preto (ou tambem da Torre em h8). Mas nao esta nada facil para as brancas
provarem esta vantagem, pois os recursos defensivos das pretas sao
significantes.}
20. Qf3 Re7 (
{Um lance solido - as pretas protegem totalmente
o Peao f7. Dentre outras alternativas, havia o arriscado} 
20... g6 $5
{
, planejando um futuro desenvolvimento por meio de ...Rg7 e ...Be5. Eu nao fui
capaz de achar uma clara refutacao, porexemplo}
21. Qf6 ({ou} 21. Rd1 Kg7 22. Ba5 Qe7 23. Rxd6 $4 Qe1+) (21. Ba5 Qe7) 21... Rh7 (
{nao} 21... Be5 $2 22. Bb4+ Kg8 23. Qxg6+) 22. Bxf7 Qxf7 23. Qxd6+ Kg8
{
e as pretas devem ser capazes de mudar a posicao delas.}) 21. Rd1 Kg8
22. Qd3 $1 (22. Bc3 {teria sido prematuro em vista de} 22... Be5 23. Bb4 Rd7 $1)
22... Bc5
{
Eu suspeito que a diagonal g1-a7 nao e um bom lugar para o Bispo preto.} (
22... a5 {merecia atencao, com a ideia de 23...Be5}) ({o imediato} 22... Be5 $2
{
perde para} 23. Bb4 $1 Re8 24. Qf5 $1 {e as brancas dominam.}) 23. Bc3 $1
Qf4 ({Depois de} 23... Bxf2 {as brancas possuem} 24. Qg6 Rh7 25. Be5 $1 Qc8 (
{o unico lance; por exemplo,} 25... Rxe5 $2 {perde para} 26. Qxf7+ $1) 26. Qf5
Qe8 27. Qxf2 Rxe5 28. Qxf7+ $1 Kh8 29. Qxe8+ Rxe8 30. Bf7 $1
{seguido de Bg6! e Bxh7 com um Peao a mais no final de Torre.}) 24. h3 $1 $16
{
Criando a ameaca 25.Dg6!} ({O apressado} 24. Qg6 $6 {teria sido barrado por}
24... Bd4 $1 {com a ideia de} 25. Bxd4 Qxd4 26. Bxf7+ (26. Qxf7+ $6 Kh7 $1
27. Qf5+ g6) 26... Kf8 27. Qh5 g5 $1) 24... Qg5 ({Apos o passivo} 24... Re8
{as brancas poderiam ter tentado o mais natural} 25. Qg6 (
{
tambem e interessante} 25. Qd7 $5) 25... Rh7 26. Rd7 Rf8 27. Qg3 $1 Qxg3
28. fxg3
{. As pretas jogarao ... b6, ...g6, liberando a Torre de f8, mas nao
esta claro se elas podem sobreviver por muito tempo.})
25. Qf3 ({
Uma boa alternativa era} 25. f4 Qh5 (25... Qxf4 $2 26. Qg6) 26. Be5
{
mas o lance do texto nao e mais fraco.}) 25... Qg6 26. Bc4 $1
{
Prevenindo 26...Rh7? que sera refutado por 27.Bd3 +-.} 26... Bb6 27. Bb4 $1
{
A cada lance que passa a atividade branca aumenta.} 27... Rc7 28. Rd6 $1 (
{
Mais forte do que} 28. Rd8+ $6 Kh7 29. Rd6 Rxc4 $1 30. Rxg6 fxg6) 28... Qg5 (
{Nao} 28... Rxc4 $2 29. Rxg6 fxg6 30. Qd5+) 29. Bd3 $1 Rc6 $2 (
{Finalmente as pretas se equivocam. Mas nas duas alternativas:} 29... Bc5
30. Bxc5 Rxc5 31. Rd7) ({e} 29... Ba7 30. Qe4 g6 31. f4
{
a posicao preta teria ficado quase que sem esperancas.}) 30. Qe4 $1
{
A ameaca De8++ e decisiva.} 30... g6 31. Rxc6 bxc6 32. Qe8+
{
As pretas abandonam em vista de 32...Rg7 33.Bc3+.} 1-0

[Event "57 Campeonato Russo"]
[Site "St Petersburg RUS"]
[Date "2005.05.24"]
[Round "?"]
[White "Riazantsev, Alexander"]
[Black "Zvjaginsev, Vadim"]
[Result "0-1"]
[WhiteElo "2555"]
[BlackElo "2654"]
[Annotator "MI Nikolai Vlassov"]
[PlyCount "78"]
[EventDate "2004.05.21"]
[Source "Chess Today"]
[SourceDate "2004.06.01"]

1. d4 Nf6 2. c4 e6 3. Nf3 d5 4. Nc3 c6 5. e3 a6 6. c5 Nbd7 7. b4 g6 (
{
Esta posicao e memoravel devido ao ultimo confronto entre Kasparov e Fritz, no
qual a maquina perdeuapos} 
7... a5 $2) 8. Bd3 Bg7 9. e4 dxe4 10. Nxe4 Nxe4 11. Bxe4 a5 $146 (
{Havia um interessante sacrificio de qualidade:} 11... O-O 12. Bf4 a5 13. Bd6
axb4 14. Bxf8 Qxf8 15. O-O e5 16. dxe5 Nxe5 17. Rc1 Nxf3+ 18. Qxf3 Be6
{Krasenkow-Cifuentes, Sanxenxo 2003.}) 12. Bg5 f6 13. Bf4 e5 (
{Tambem e possivel} 13... axb4 $5 14. Bd6 f5 15. Bc2 b6 {
com um jogo agudo.})
14. dxe5 axb4 15. Qb1 $6 ({Era preferivel fazer o roque:} 15. O-O Nxc5 16. Qc2
Nxe4 17. Qxe4 Qe7 18. Rad1 ({o fantastico lance} 18. exf6 $6 {nao resolve aqui}
18... Qxe4 19. fxg7 Rg8 20. Rae1 Qxe1 21. Rxe1+ Kd7 $1 22. Ne5+ (
{tambem nao adianta} 22. Rd1+ Ke6 23. Re1+ Kd5 $19) 22... Kd6 $1
{e o Rei preto se livra dos xeques:} 23. Nf7+ Kc5 24. Bd6+ (24. Re5+ Kb6
25. Be3+ Ka6) 24... Kd5 25. Bf8 Bf5 $19 {
e as pretas devem ganhar.})
18... O-O 19. Rfe1 fxe5 20. Bg5 Qc5 21. Qh4 {
com dois Peoes a mais.})
15... O-O $6 {Perdoando o erro anterior do adversario.
} ({Depois de} 
15... Nxc5 $1 16. O-O ({o sacrificio de Bispo} 16. Bxg6+ hxg6 17. Qxg6+ Kf8
{apavoraria as pretas. Entretanto, nao ha mais
continuacao de ataque para ser vista})
16... O-O 17. Qxb4 Qa5 $1 {
a vantagem preta e inquestionavel.}) 16. Qxb4 fxe5
17. Qc4+ Kh8 18. Be3 Nf6 ({
Nao era mau} 18... Qa5+ 19. Nd2 Nf6 20. O-O Bf5)
19. O-O Qe8 20. Bc2 (20. Nd2 {
merece consideracao} 20... Be6 21. Qb4 Qf7
22. a4 Nd5 23. Qa3 {
com uma luta complicada.}) 20... e4 $1 21. Nd2 (
{O agudo} 21. Ng5 $6 {
traz vantagem para as pretas apos} 21... Bf5 22. Bb3 (
{ou} 22. Bd4 h6 23. Nxe4 Bxe4 24. Bxf6 Bxf6 25. Bxe4 Bxa1 26. Rxa1 Qe5 27. Rb1
Ra5 $1 $17) 22... Nd5 23. Bd4 h6 24. Bxg7+ Kxg7 25. Qd4+ Nf6 26. Nh3 Bxh3
27. gxh3 Rd8 28. Qc4 Qe5 $1 $15) 21... Be6 22. Qe2 Bg4 $6 (22... Ng4 $1
{
favorece as pretas} 23. Nxe4 (23. Bxe4 Qb8 $1 24. g3 Bxa1 25. Rxa1 Qe5
26. Rb1 Rxa2 $17) (23. Rad1 Qb8 $1 24. g3 Rxa2 25. Bxe4 Qe5 $17) 23... Bf5 $17)
23. Qc4 Qe5 24. Bd4 Qd5 25. Qxd5 $6 ({Melhor era} 25. Rfe1) 25... cxd5 26. Rfb1
Rf7 27. Nf1 $2
{
Um erro fatal. As brancas devem ter subestimado a posicao e o seu oponente..} (
{Era correto} 27. Bb3 $1
{porque se as brancas vigiarem o Peao d5 elas
conseguem manter o seu Bispo em d4.})
27... Nd7 $1 28. Bxg7+ Kxg7 29. Ne3 Be6 30. Rd1 Nxc5 31. Nxd5 Raf8 $1
{O Peao f2 esta perdido.} 32. Nc3 Rxf2 33. Bxe4 Nxe4 34. Nxe4 Rxa2 35. Rab1 $2 (
{A melhor chance era} 35. Rxa2 Bxa2 36. Nd6 b6 37. Rd2 Bg8 38. Rb2 Rb8 39. Kf2
{
e nao esta tao facil para as pretas conseguirem a vitoria.}) 35... Kh6 $1
36. Rxb7 $2 {Por que nao tomar o Peao?} (
{
As brancas tambem enfrentam dificuldades apos} 36. Nc5 Bc4 37. Rd4 b5
{mas ainda ha luta.}) 36... Bd5 $1 $19
{
Este lance responde a pergunta anterior.} 37. Re7 (37. Rb4 Re2 $19) (
37. Rxd5 Ra1+ {com mate.}) 37... Re2 38. Nc3 Rxg2+ 39. Kh1 Ba8 0-1

[Event "Campeonato Mundial"]
[Site "Brissago"]
[Date "2004.09.25"]
[Round "1"]
[White "Leko, Peter"]
[Black "Kramnik, Vladimir"]
[Result "0-1"]
[WhiteElo "2741"]
[BlackElo "2770"]
[PlyCount "130"]
[EventDate "2004.??.??"]

1. e4 e5 2. Nf3 Nf6 {Nem Siciliana, nem Berlinesa!} 3. Nxe5 d6 4. Nf3 Nxe4
5. d4 d5 6. Bd3 Nc6 7. O-O Be7 8. c4 Nb4 9. Be2 O-O 10. Nc3 Bf5 11. a3 Nxc3
12. bxc3 Nc6 13. Re1 Re8 14. cxd5 Qxd5 15. Bf4 Rac8 16. h3 Be4 (16... Bf6
17. Nh2 Qa5 18. Bd2 (18. Ng4 Qxc3 19. Nxf6+ gxf6 20. Be3 Rcd8 $132) 18... Ne7
{
0-1 Shirov-Bologan/Wijk aan Zee 2004/CBM 99/[Huzman] (40)} (18... Rcd8
19. Bf3 h6 20. Ng4 Bxg4 21. hxg4 Bg5 22. Bxg5 hxg5 23. Rxe8+ (23. Qc1 $1 $16
Rxe1+ 24. Qxe1 Kf8 25. Rb1 Re8 26. Qc1 $1 $16) 23... Rxe8 24. Qd3 Nd8 $1 $14
{1/2-1/2 Kramnik-Anand/Wijk aan Zee 2003/CBM 93/[Huzman] (51)} (24... Nd8
{
1/2-1/2 Timman,J-Karpov,A/Wijk aan Zee 2003/CBM 93(24)}))) 17. Be3 Na5 (
17... Rcd8 18. Nd2 Bg6 19. Bf3 Qd7 20. Qa4 Ne5 21. Qxd7 Nxf3+ 22. Nxf3 Rxd7
23. Ne5 Rd5 24. Nxg6 fxg6 25. a4 Kf7 26. Reb1
{
1/2-1/2 Leko-Bologan/Dortmund ALE 2004/(26)}) 18. c4 Nxc4 19. Bxc4 Qxc4
20. Nd2 Qd5 21. Nxe4 Qxe4 22. Bg5 Qxe1+ 23. Qxe1 Bxg5 24. Qa5 Bf6 25. Qxa7 c5
26. Qxb7 Bxd4 27. Ra2 c4 28. Re2 Red8 29. a4 c3 30. Qe4 Bb6 31. Qc2 g6 32. Qb3
Rd6 $1 33. Rc2 Ba5 34. g4 (34. Qb7 Rcd8 35. g4) 34... Rd2 35. Kg2 Rcd8 36. Rxc3
Bxc3 37. Qxc3 R2d5 38. Qc6 Ra5 39. Kg3 Rda8 40. h4 R5a6 41. Qc1 Ra5 42. Qh6
Rxa4 43. h5 R4a5 44. Qf4 $2 (44. hxg6 {um lance necessario.} 44... hxg6)
44... g5 45. Qf6 h6 $1 $19 46. f3 (46. f4 $2 Ra3+ 47. Kf2 Ra2+ 48. Kf3 R8a3+
49. Ke4 Ra4+ 50. Ke3 R2a3+ 51. Ke2 Rb3 52. Qf5) (46. Qxh6 $4 R8a6) 46... R5a6
47. Qc3 Ra4 48. Qc6 R8a6 49. Qe8+ Kg7 50. Qb5 R4a5 51. Qb4 Rd5 52. Qb3 Rad6
53. Qc4 Rd3 54. Kf2 Ra3 55. Qc5 Ra2+ 56. Kg3 Rf6 57. Qb4 Raa6 58. Kg2 Rf4
59. Qb2+ Raf6 60. Qe5 Rxf3 61. Qa1 Rf1 62. Qc3 Rf2+ 63. Kg3 Rf3+ 64. Qxf3 Rxf3+
65. Kxf3 Kf6 0-1

[Event "Campeonato Mundial"]
[Site "Brissago SUI"]
[Date "2004.09.30"]
[Round "4"]
[White "Kramnik, V."]
[Black "Leko, P."]
[Result "1/2-1/2"]
[WhiteElo "2770"]
[BlackElo "2741"]
[Annotator "MI Maxim Notkin"]
[PlyCount "86"]
[EventDate "2004.09.25"]
[Source "Chess Today"]
[SourceDate "2004.10.01"]

1. e4 e5 2. Nf3 Nc6 3. Bb5 a6 4. Ba4 Nf6 5. O-O Be7 6. Re1 b5 7. Bb3 O-O 8. h3
Bb7 9. d3 d6 ({Na segunda partida Leko optou por} 9... Re8) 10. a3
{
Um lance essencial - as brancas evitam que o Bispo seja trocado.} 10... Nd7
{
Uma rara continuacao.} ({Na linha} 10... Na5 11. Ba2 c5
{
as brancas geralmente desenvolvem o seu Cavalo da dama via c3:} 12. Nc3
{
visando ao posto avancado d5}) ({ao passo que apos} 10... Nb8
{esta claro que
o buraco em d5 pode ser contornado por c7-c6, por isso nesse caso as brancas
jogam}
11. Nbd2) ({outro plano popular comeca com} 10... Qd7
{e depois o vai
para d8. Em todas estas linhas o recuo do Cavalo serve para dar liberdade ao
Bispo de b7 e ao Peao c para que eles possam auxiliar na luta pelas casas
centrais. Ha mais um caminho para o Cavalo, o qual Leko tem dado grande
importancia. Mas ele quer ver o desenvolvimento do Cavalo em c3 primeiro.})
11. Nc3 ({No caso de} 11. Nbd2
{as pretas dispoem do plano Cb6, Bf6 e d6-d5 como
na classica linha da Ruy Lopez 9.h3 Cd7. O lance do texto e logico pois a casa
d5 atrai as pecas brancas.})
11... Nd4 12. Ba2 ({
Em Tripoli a partida rapida Grischuk - Beliavsky seguiu} 
12. Nxd4 exd4 13. Ne2 c5 14. Ng3 g6 15. Bh6 Re8 16. Qd2 Rc8 17. Ba2 Bf6
{com confortave
l jogo para as pretas. O Cavalo das brancas esta mal colocado nesta variante.})
12... Nxf3+ 13. Qxf3
{O problema com o Cavalo c6 nao existe mais. O proximo
problema a ser resolvido e o do Bispo de casas escuras.}
13... Bg5
{Um bom lanc
e posicional que lembra uma manobra similar na Moderna Sveshnikov (4...e5) ou
na linha 1.e4 c5 2.Cf3 Cc6 3.Cc3 e5}
14. Bxg5 Qxg5 15. Nd5 c6
{Evidenteme
nte a troca em d5 e ma para as pretas. O Cavalo preto poderia nao ser tao
competitivo quanto o Bispo branco, a peca favorita de Fischer.}
16. Ne3 {
Por sua vez, Kramnik abriu um caminho para o seu Peao c.} 16... g6
17. Rad1 Rad8 18. c3 {As brancas estao prontas para o avanco d3-d4.} 18... c5
$1 19. Bd5 ({Se} 19. Nd5 Kg7 {seguido por Cf6 ou talvez f7-f5}) ({depois de} 
19. d4 c4 ({ou} 19... exd4 20. cxd4 c4
{
e aparece uma posicao com vantagem para os dois lados.})) 19... Bc8 $1
{
Esta retirada nao significa que Leko esta se rendendo a pressao. Ele somente
quer salvar o seu Bispo.}
20. b4 $1
{A unica chance branca e assumir a
iniciativa antes que as pretas reagrupem suas forcas.}
20... Nb6 21. c4 Nxd5 22. Nxd5
{
A captura com um Peao permite f7-f5 e as pretas possuem contra jogo suficiente.
}
22... Be6 $1 ({Depois de} 22... f5 23. exf5 Bxf5 ({se} 23... Rxf5 24. Qe4
{
com uma desagradavel ameaca de f2-f4}) 24. Qe3 Qxe3 25. Rxe3 cxb4 26. axb4
{
as brancas estao melhores gracas a coluna "a" aberta.}) 23. bxc5 dxc5
24. Rb1 Rb8 {As pretas nao podiam ficar sem um Peao em b5.} ({Apos} 24... bxc4
$6 25. dxc4
{abre nao somente a coluna "b" como tambem a terceira fileira para a
Dama branca. Depois de}
25... Rb8 26. Qc3 $1 {
as brancas possuem clara superioridade.}) 25. cxb5 (
25. Nc7
{
e uma interessante tentativa que requer jogo preciso para os dois lados -}
25... bxc4 $1 26. Rxb8 ({apos} 26. Nxe6 Rxb1 27. Rxb1 (27. Nxg5 $2
{
perde para} 27... Rxe1+ 28. Kh2 c3 {promovendo o Peao}) 27... fxe6 28. Qe2
c3 $1
{a formacao de Peoes das brancas e mais segura, porem o Peao
extra das pretas permite que o jogo se mantenha equilibrado})
26... Rxb8 27. Nxe6 Qe7 $1 {- este lance salva o Peao preto} (27... fxe6
28. dxc4
{
e as pretas estao inferiores devido aos fracos Peoes e a insegura posicao doRei
})
28. Nf4 exf4 29. Qxf4 Rd8 $1 30. dxc4 Rd4
{
recuperando o Peao com uma posicao igualada.}) 25... Bxd5 26. exd5 axb5
27. d6 b4 {Obtendo um complemento natural ao perigoso Peao d6.} 28. a4 $5
{
A ultima tentativa de complicacao.} (28. axb4 cxb4 29. Qd5 Qf6 30. Rxe5 Rfd8
{com um facil empate.}) 28... Rfd8 29. Qd5 Qf6 30. Qxc5 ({
Curiosamente apos} 
30. Rxe5 Rxd6 (30... Qxd6 $4 31. Re8+) 31. Qxc5 Rxd3 32. Rxb4 Qxe5 $1 (
32... Rxb4 $4 33. Re8+ Kg7 34. Qf8#) 33. Qxe5 Rxb4
{eles poderiam ter chegado ao mesmo final que foi jogado na primeira
rodada! Naturalmente Kramnik nao queria isso, por esse motivo ele preferiu
trocar as Damas.})
30... Qxd6 31. Qxd6 Rxd6 32. Rxe5 b3 $1 {
A ultima sutileza.} ({Apos} 
32... Rxd3 33. Rb5 $1
{as brancas possuem certas
chances de vitoria gracas ao seu remoto Peao passado. O lance de Leko deixa as
brancas com o seu inutil Peao "d" e o empate torna-se inevitavel.})
33. Rb5 Ra8 34. R1xb3 Rxa4 35. Rb6 Rd7 36. Rf6 Ra1+ 37. Kh2 Rd1 38. Rf3 h5
39. h4 Rd2 40. g3 Kg7 41. Kg2 Rd1 42. Re3 Kh7 43. Kf3 Rd2 $1
{As brancas estao
incapazes de melhorar a sua posicao. Por isso elas concordaram com o empate.}
1/2-1/2

[Event "Campeonato Mundial"]
[Site "Brissago SUI"]
[Date "2004.10.02"]
[Round "5"]
[White "Leko, P."]
[Black "Kramnik, V."]
[Result "1-0"]
[WhiteElo "2741"]
[BlackElo "2770"]
[PlyCount "137"]
[EventDate "2004.09.25"]

{Apos nao ter conseguido nada nas duas partidas em que jogou 1.e4, o
desafiante Peter Leko mudou para 1.d4 e uma tranqueila linha do Gambito da
Dama, algo que o defensor do titulo Vladimir Kramnik gosta de jogar. A partida
entrou em um final em que as brancas tinham um Peao a mais, e entao Leko
mostrou a sua grande forma para ganhar o jogo e empatar o campeonato.}
1. d4 Nf6 2. c4 e6 3. Nf3 d5 4. Nc3 Be7 5. Bf4 O-O 6. e3 c5 7. dxc5 Bxc5
8. cxd5 Nxd5 9. Nxd5 exd5 10. a3 Nc6 11. Bd3 Bb6 12. O-O Bg4 13. h3 Bh5 14. b4
Re8 15. Rc1 a6 16. Bxa6 Rxa6 17. b5 Rxa3 18. bxc6 bxc6 19. Rxc6 Ra7 20. Rd6 Rd7
21. Qxd5 Rxd6 22. Qxd6 Qxd6 23. Bxd6 Bxf3 24. gxf3 Bd8 25. Rb1 Bf6 26. Kg2 g6
27. f4 Kg7 28. Rb7 Re6 29. Rd7 Re8 30. Ra7 Re6 31. Bc5 Rc6 32. Ra5 Bc3 33. Rb5
Ra6 34. Rb3 Bf6 35. Rb8 h5 36. Rb5 Bc3 37. Rb3 Bf6 38. e4 Ra5 39. Be3 Ra4
40. e5 Be7 41. Rb7 Kf8 42. Rb8+ Kg7 43. Kf3 Rc4 44. Ke2 Ra4 45. Kd3 Bh4 46. Bd4
Ra3+ 47. Kc2 Ra2+ 48. Kd3 Ra3+ 49. Ke4 Ra4 50. Kd5 Ra5+ 51. Kc6 Ra4 52. Kc5
Be7+ 53. Kd5 Ra5+ 54. Ke4 Ra4 55. Rc8 Bh4 56. e6+ Bf6 57. e7 Rxd4+ 58. Ke3 Bxe7
{
Kramnik estava forcado a sacrificar a qualidade para tentar construir uma
fortaleza com os seus tres Peoes e o Bispo contra os tres Peoes e a Torre de
Leko.}
59. Kxd4 Bh4 60. f3 f5 61. Rc7+ Kf6 62. Kd5 Bg3 63. Rc6+ Kg7 64. Ke5 h4
65. Rc7+ Kh6 66. Rc4 Kg7 67. Ke6 Bh2 68. Rc7+ Kh6 69. Kf7 1-0

[Event "Campeonato Mundial"]
[Site "Brissago SUI"]
[Date "2004.10.03"]
[Round "6"]
[White "Kramnik, V."]
[Black "Leko, P."]
[Result "1/2-1/2"]
[WhiteElo "2770"]
[BlackElo "2741"]
[Annotator "MI Vladimir Barsky"]
[PlyCount "40"]
[EventDate "2004.09.25"]
[Source "Chess Today"]
[SourceDate "2004.10.04"]

1. e4 e5 2. Nf3 Nc6 3. Bb5 a6 4. Ba4 Nf6 5. O-O Be7 6. Re1 b5 7. Bb3 O-O 8. h3
Bb7 9. d3 {Anti-Marshall novamente.} 9... d6 (9... Re8 10. Nc3 Bb4 11. Ng5
{
etc., Kramnik-Leko, Brissago 2004 (2 rodada).}) 10. a3 Na5 (10... Nd7
11. Nc3 Nd4 12. Ba2 Nxf3+ 13. Qxf3 Bg5 14. Bxg5 Qxg5 15. Nd5
{
etc., Kramnik-Leko, Brissago 2004 (4 rodada).}) 11. Ba2 c5 12. Nbd2 Nc6 (
12... Bc8 13. c3 Be6 14. Bxe6 fxe6 15. b4 cxb4 16. axb4 Nc6 17. Qb3 Qd7 18. Bb2
h6 19. Ra2 Rfb8 20. Rea1 Qc8 21. Nf1 d5 $132 {Leko-Anand, Dortmund 2004.})
13. c3 Qd7 $5
{
Isto e uma novidade - a ideia de Leko ficara mais clara no proximo lance.} (
{
Anteriormente as pretas jogavam aqui} 13... Bc8 14. Nf1 (14. d4 Bd7 15. d5
Na5 16. b3 Qc7 17. c4 Rfb8 18. Nf1 bxc4 19. bxc4 Rb7 20. Bd2 Rab8 $15
{
Lutz-Anand, Bundesliga Playoff 2004.}) 14... Be6 15. Bxe6 fxe6 16. Ng3 Qe8
17. Be3 Nh5 18. Nxh5 Qxh5 19. Ng5 {1/2-1/2 Svidler-Anand, Dortmund 2004.})
14. Nf1 d5 $5
{Assim como no Ataque Marshall, as pretas oferecem o Peao e5! Em
compensacao, elas terao pecas ativas, enquanto que o Peao d3 branco ficara
fraco. Leko jogou este lance muito rapidamente, por isso e obvio que ele
estava seguindo uma preparacao caseira.}
15. Bg5
{Em um momento tenso do match
Kramnik decidiu jogar de maneira solida e analisar 15.exd5 em casa - um metodo
muito interessante.} (
{Se} 15. exd5 Nxd5 16. Nxe5 Nxe5 17. Rxe5 Bf6 (17... Nf6 $6
{com a ideia Bd6, Dc6} 18. Bg5 Rae8 19. Ne3 Qc7 20. d4 c4 21. a4 $5 $14)
18. Re2 Rad8 $44 (18... Rfe8 $5 $44)) 15... dxe4 ({No caso de} 15... d4
16. cxd4 cxd4 17. Ng3 g6 18. Rc1 {
as chances brancas sao um pouco maiores.})
16. dxe4 c4 (16... h6 $6 17. Bxf6 Qxd1 18. Raxd1 Bxf6 19. Bd5 $14) (16... Rad8
$5) 17. Ne3 Rfd8 (17... Qxd1 18. Raxd1 Nxe4 $2 19. Bxe7 Nxe7 20. Rd7 $18)
18. Nf5 Qe6 19. Qe2 Bf8 20. Bb1
{O Bispo vai a c2 para defender a casa d3 e preparar a3-a4 (por isso as
brancas deixam a sua Torre em a1). Aqui as pretas possuem uma pequena vantagem
de espaco. Nos poderiamos esperar uma dura e interessante batalha, mas...}
20... h6
{Leko ofereceu empate e Kramnik aceitou. Ontem eu mencionei Fischer e
o seu match contra Spassky. Tenho certeza que ele teria jogado nesta posicao!}
1/2-1/2